000 00200 a2200097 4500
001 45613
100 _aMoore B
245 _aBlack robe
260 _aLondon
_bJonathan cape
_c
090 _c28777
_d28777
942 _aNUST-CAE
_cM
_c20865
999 _c280686
_d280686